000 00204 a2200109 4500
020 _a9788415803157
041 _aspa
100 _aDavid Mark
245 _aEl oscuro invierno
942 _cBK
952 _71
999 _c24267
_d24267